Código de processo de controle externo / (Record no. 289)

MARC details
000 -LÍDER
Campo Fixo de Controle 00816cam a2200217 a 4500
001 - NÚMERO DE CONTROLE
Campo de Controle 289
003 - IDENTIFICAÇÃO DO NÚMERO DE CONTROLE
Campo de Controle BR-CuiBMT
005 - DATA E HORA DA ÚLTIMA ATUALIZAÇÃO
Campo de Controle 20231212201502.0
008 - DADOS FIXOS
Dados Fixos 230926s2023 mtba 000 0 por d
040 ## - AGÊNCIA CATALOGADORA
Código da Agência Catalogadora BR-CuiBMT
Agência que transcreveu o registro BR-CuiBMT
080 ## - Nº DA CLASSIFICAÇÃO DECIMAL UNIVERSAL
Nº edição CDU 2007
Nº Class. CDU 35.078.3
Subd. Auxiliar Comum (094.5)
090 ## - NÚMERO DE CHAMADA
Complemento TCE/MT
Nº classificação 35.078.3(094.5)
Cutter M433c
110 1# - ENTRADA PRINCIPAL -- ENTIDADE
Nome da entidade ou lugar Mato Grosso.
Unidade subordinada Tribunal de Contas.
245 10 - TÍTULO PRINCIPAL
Título principal Código de processo de controle externo /
Indicação de responsabilidade Tribunal de Contas de Mato Grosso.
260 ## - PUBLICAÇÃO, DISTRIBUIÇÃO, ETC.
Local de publicação Cuiabá :
Editora TCE-MT,
Data [2023].
300 ## - DESCRIÇÃO FÍSICA
N. páginas ou volumes 61 p. :
Ilustrações il. ;
Dimensões 23-30 cm
650 ## - ASSUNTO TÓPICO
Cabeçalho tópico ou nome geográfico Controle externo
Subdivisão de forma Legislação
Subdivisão geográfica Mato Grosso
650 ## - ASSUNTO TÓPICO
Cabeçalho tópico ou nome geográfico Tribunal de Contas
Subdivisão de forma Processo administrativo
Subdivisão geográfica Mato Grosso
856 4# - LOCALIZAÇÃO E ACESSO ELETRÔNICO
Endereço eletrônico (URI) <a href="https://atricon.org.br/wp-content/uploads/2023/04/Codigo-de-Contas-2023-2.pdf">https://atricon.org.br/wp-content/uploads/2023/04/Codigo-de-Contas-2023-2.pdf</a>
Texto do link Disponível também online.
Localização e acesso eletrônico 25/10/2023
942 ## - ELEMENTOS DE ENTRADA ADICIONAIS (KOHA)
Fonte de classificação ou esquema de arquivamento Classificação Decimal Universal
Tipo de item do Koha Livros
Holdings
Estado: removido Estado: perdido Fonte de classificação ou esquema de arquivamento Estado: danificado Indisponível para empréstimo Localização permanente Localização atual Data de aquisição Total Checkouts Número de Chamada completo Código de barras Date last seen Número do exemplar Preço efetivo a partir de Tipo de item (Koha)
    Classificação Decimal Universal     Biblioteca da Escola Superior de Contas do TCE/MT Biblioteca da Escola Superior de Contas do TCE/MT 28/07/2023   TCE/MT 35.078.3(094.5) M433c BIBTCEMT23090071 26/09/2023 Ex. 1 26/09/2023 Livros
    Classificação Decimal Universal     Biblioteca da Escola Superior de Contas do TCE/MT Biblioteca da Escola Superior de Contas do TCE/MT 28/07/2023   TCE/MT 35.078.3(094.5) M433c BIBTCEMT23090072 26/09/2023 Ex. 2 26/09/2023 Livros
    Classificação Decimal Universal     Biblioteca da Escola Superior de Contas do TCE/MT Biblioteca da Escola Superior de Contas do TCE/MT 28/07/2023   TCE/MT 35.078.3(094.5) M433c BIBTCEMT23090073 26/09/2023 Ex. 3 26/09/2023 Livros
    Classificação Decimal Universal     Biblioteca da Escola Superior de Contas do TCE/MT Biblioteca da Escola Superior de Contas do TCE/MT 29/11/2023   TCE/MT 35.078.3(094.5) M433c BIBTCEMT23111343 29/11/2023 Ex. 4 29/11/2023 Livros
    Classificação Decimal Universal     Biblioteca da Escola Superior de Contas do TCE/MT Biblioteca da Escola Superior de Contas do TCE/MT 29/11/2023   TCE/MT 35.078.3(094.5) M433c BIBTCEMT23111344 29/11/2023 Ex. 5 29/11/2023 Livros
    Classificação Decimal Universal     Biblioteca da Escola Superior de Contas do TCE/MT Biblioteca da Escola Superior de Contas do TCE/MT 29/11/2023   TCE/MT 35.078.3(094.5) M433c BIBTCEMT23111345 29/11/2023 Ex. 6 29/11/2023 Livros

Powered by Koha